=LDR 00000nam 2200000 4500 =001 INLIS000000000005367 =005 20130612093619 =008 ***********************************Ind** =035 ##$$0010-061300000005367 =041 ##$$a Ind =082 ##$$a 028.5 =090 ##$$a 028.5, Att g =100 ##$$a ATTARMIZI, Yogo Ad =245 ##$$a Gus Dur, Dari Pesantren ke Istana, Yogo Ad. Attarmizi. -- =650 ##$$a 2000 $b Bandung =710 ##$$a 51 hlm, 9 cm =850 ##$$a Bacaan Kanak-kanak